Applied Chemistry (Record no. 51344)

MARC details
000 -LEADER
fixed length control field 00389nam a2200145Ia 4500
008 - FIXED-LENGTH DATA ELEMENTS--GENERAL INFORMATION
fixed length control field 220530s9999 xx 000 0 und d
041 ## - LANGUAGE CODE
Language code of text/sound track or separate title eng
082 ## - DEWEY DECIMAL CLASSIFICATION NUMBER
Classification number 540.1
Item number NAR
100 ## - MAIN ENTRY--PERSONAL NAME
Personal name Narkhede S N
9 (RLIN) 56649
245 ## - TITLE STATEMENT
Title Applied Chemistry
260 ## - PUBLICATION, DISTRIBUTION, ETC. (IMPRINT)
Place of publication, distribution, etc. Nagpur
Name of publisher, distributor, etc. Das Ganu Prakashan
Date of publication, distribution, etc. 2008
300 ## - PHYSICAL DESCRIPTION
Extent 593 P
Other physical details PB
700 ## - ADDED ENTRY--PERSONAL NAME
Personal name Zadgaonkar A U Bhake A B Jadhav R T
9 (RLIN) 56650
906 ## - LOCAL DATA ELEMENT F, LDF (RLIN)
a 52.8
b ALIED
Holdings
Withdrawn status Lost status Damaged status Not for loan Collection code Home library Current library Date acquired Vendor Cost, normal purchase price Total Checkouts Total Renewals Full call number Barcode Date last seen Date last checked out Cost, replacement price Bill Date Koha item type Original Barcode
        Allied Science Cummins College of Engineering for Women Nagpur Cummins College of Engineering for Women Nagpur 16/08/2012 Pioneer Books 330.00 2 1 540.1/NAR CEWN-BK-3547 04/03/2026 18/02/2026 277.20 30/05/2022 Books 003547